000 00320nam a2200133Ia 4500
008 240624s9999 xx 000 0 und d
041 _aeng
082 _a194 MAL
100 _aMALPAS SIMON
245 _aJEAN FRANCOIS LYOTARD
260 _c2015
_aNew Delhi
_bRoutledge
300 _ax, 156 p.; 19 cm.
365 _cRS
_b31
999 _c29547
_d29547